| 000 | nam a22 a 4500 | ||
|---|---|---|---|
| 999 |
_c2569 _d2569 |
||
| 003 | AKMAL | ||
| 005 | 20170517112820.0 | ||
| 008 | 170517s2002 my 00 may d | ||
| 020 |
_a9835202516 (kkt.) : _cRM35.00 |
||
| 040 | _aAKMAL | ||
| 082 | 0 | 4 |
_a621.366 NOR _221 |
| 090 | 0 | 0 |
_a621.366 _bNOR |
| 245 | 1 | 0 |
_aTeknologi laser / _cNoriah Bidin |
| 260 |
_aJohor : _bPenerbit Universiti Teknologi Malaysia, _c2002 |
||
| 300 |
_axvii, 355p. : _bil. ; _c21cm. |
||
| 504 | _aMengandungi rujukan bibliografi dan indeks | ||
| 650 | 0 |
_aLasers _xTechnological innovations _95360 |
|
| 942 |
_2ddc _cBOOK |
||